Biblioteca

Manual de hebreo y arameo bíblicos I : (Registro nro. 31912)

Detalles MARC
000 -LÍDER
Campo fijo de descripción fija 01074aam a2200325 i 4500
001 - NÚMERO DE CONTROL
Campo de control 768714001
003 - IDENTIFICADOR DEL NÚMERO DE CONTROL
Campo de control CO-MdFUSB
005 - FECHA Y HORA DE LA ULTIMA TRANSACCIÓN
control field 20210906095840.0
007 - CAMPO FIJO DE DESCRIPCIÓN FIJA--INFORMACIÓN GENERAL
Campo fijo de descripción fija ta
008 - ELEMENTOS DE LONGITUD FIJA -- INFORMACIÓN GENERAL
Campo fijo de descripción fija -- Información general 210906t1951 sp ||||| |||| 00| 0 spa d
020 ## - NÚMERO INTERNACIONAL NORMALIZADO PARA LIBROS
Número Internacional Normalizado del libro [No incluye ISBN]
040 ## - FUENTE DE CATALOGACIÓN
Idioma de catalogación spa.
Agencia de catalogación original CO-MdFUSB
Agencia que realiza la transcripción CO-MdFUSB
Agencia que realiza la modificación CO-MdFUSBC
Convenciones de la descripción rda
041 ## - CÓDIGO DE IDIOMA
Código de idioma para texto/pista de sonido o título separado spa
082 04 - NÚMERO DE CLASIFICACIÓN DECIMAL DEWEY
Número de clasificación 492.4
Número de la edición del Dewey 23
Clave de autor-Numero de item R6961m
100 1# - ASIENTO PRINCIPAL--NOMBRE PERSONAL
Nombre personal Rodríguez, Segundo Miguel
Término relacionador autor
245 10 - TÍTULO
Título del Material Manual de hebreo y arameo bíblicos I :
Parte restante del título - Subtitulo gramática cíclica y antología, versificación hebrea, léxicos completos hebreo y arameo-español
Mención de responsabilidad, etc. / Segundo Miguel Rodríguez ; revisado por Guillermo G. Dorado,
250 ## - MENCIÓN DE EDICIÓN
Mención de edición 4 corregida
264 #1 - PRODUCCIÓN, PUBLICACIÓN, DISTRIBUCIÓN, MANUFACTURA, Y COPYRIGHT
Lugar de producción, publicación, distribución, manufactura Madrid, España :
Nombre del productor, publicador, distribuidor El perpetuo socorro,
Fecha de producción, publicación, distribución, manufactura, o copyright [1951]
264 #4 - PRODUCCIÓN, PUBLICACIÓN, DISTRIBUCIÓN, MANUFACTURA, Y COPYRIGHT
Fecha de producción, publicación, distribución, manufactura, o copyright © 1951
300 ## - DESCRIPCIÓN FÍSICA
Extensión 79 Páginas.
Dimensiones ; 27 cm
336 ## - TIPO DE CONTENIDO
Fuente rdacontent
Término de tipo de contenido texto
Código de tipo de contenido txt
337 ## - TIPO DE MEDIO
Fuente rdamedia
Nombre del tipo de medio sin mediación
Código del tipo de medio n
338 ## - TIPO DE SOPORTE
Fuente rdacarrier
Nombre del tipo de soporte volumen
Código Tipo de soporte nc
563 ## - NOTA DE ENCUADERNACIÓN
Nota de encuadernación Rústico
650 #0 - ASIENTO SECUNDARIO DE MATERIA - TERMINO TEMÁTICO
Término temático o nombre geográfico como elemento de entrada Gramática
9 (RLIN) 1734
653 ## - TÉRMINO DE INDIZACIÓN - NO CONTROLADO
Término no controlado Hebreo
700 ## - ASIENTO SECUNDARIO - NOMBRE PERSONAL
9 (RLIN) 5598
Nombre personal Dorado, Guillermo G.
Responsabilidad revisor
942 ## - TIPO DE MATERIAL (KOHA)
Tipo de Item KOHA Libros General
945 ## - INFORMACIÓN LOCAL DEL REGISTRO
Catalogador JTF-925
Existencias
Estado de Material Estado de Perdido Estado de Dañado No para Préstamo Colección Tomo Biblioteca de Origen Biblioteca Permanente Fecha de Adquisición Total de Préstamos Signatura Topográfica Código de Barras Última vez visto Ejemplar/Existencia Fecha de Remplazo Tipo de Material
        Colección de Referencia   Biblioteca FUSBC Biblioteca FUSBC 14/09/2004   R 492.4 R6961m 11555 17/03/2026 1 26/01/2016 Libros de Referencia

Biblioteca FUSBC | Teléfono: (57+4) 349 88 10 Ext. 141| WhatsApp (+57) 3005338115 
E-mail: biblioteca@unisbc.edu.co | Calle 76 87-14 Robledo Palenque, Medellín, Colombia

Con tecnología Koha